Word Ladder: Nerd Herd Quiz Stats

 Plays Quiz Updated Mar 5, 2016

Challenge
Share
Tweet
Embed
Score 0/40 Timer 04:00
0 Plays Today
Hint 4-Letter Word % Correct
Aussie greeting: G'day, ____!MATE
97.9%
Not imaginaryREAL
96.6%
New York baseball teamMETS
95.3%
Ten-cent coin (US)DIME
95.1%
To bring in a hooked fishREEL
94.1%
It's measured in secondsTIME
93.7%
Lowers the lightsDIMS
93.2%
Queen of hearts or jack of diamonds, e. g.CARD
92.8%
Don't put this before the horseCART
92.7%
Extension or umbilical, e. g.CORD
92.2%
500 sheets of paperREAM
91%
With 'out', to distributeMETE
90.9%
AllowsLETS
90.6%
To become wearyTIRE
90.3%
Points at a targetAIMS
90%
Science of numerical relations (US)MATH
90%
iPhone's voiceSIRI
88.4%
To rid of diseaseCURE
88.1%
Ripped apartTORE
87.9%
Confidently certainSURE
87.6%
Hint 4-Letter Word % Correct
Father of a foalSIRE
86.5%
☢ An urban legend or tall tale ☢ ☢ MYTH ☢
86.3%
'Smokey and the Bandit' actor ReynoldsBURT
85.1%
Traditional South Asian garment for womenSARI
83.2%
Terse, brusqueCURT
82.3%
☢ Former cast members: The Build ____☢ TEAM ☢
78.9%
Money for the poorALMS
78.8%
Nintendo racing game: Mario ____KART
73.4%
Streetcar (chiefly UK)TRAM
73%
Corazon Aquino nickname OR 'Boy Meets World' protagonistCORY
72.6%
☢ Former cast member: ____ Belleci ☢ ☢ TORY ☢
69.7%
☢ Former cast member: ____ Byron ☢ ☢ KARI ☢
65.6%
'____, poor Yorick!'ALAS
65.5%
☢ To disprove a [first rung] ☢ ☢ BUST ☢
60.6%
Wine barrel sedimentLEES
55.2%
☢ Producer: Peter ____☢ REES ☢
55%
☢ Jamie's co-host ☢ ☢ ADAM ☢
35.5%
Biblical region in present-day SyriaARAM
34.3%
Wing-related OR another name for DaminozideALAR
33.5%
6th month of the civil year (Hebrew calendar)ADAR
25.7%

Today's Daily Dose

You're not logged in!

Compare scores with friends on all Sporcle quizzes.
Join for Free
OR
Log In

You Might Also Like...

Show Comments

Extras

Top Quizzes Today


Score Distribution

Your Account Isn't Verified!

In order to create a playlist on Sporcle, you need to verify the email address you used during registration. Go to your Sporcle Settings to finish the process.

Report this User

Report this user for behavior that violates our Community Guidelines.

Details: